LEADER 00733nam a2200205 i 4500 001 000000227547 003 CaOOAMICUS 005 20140228000000.0 008 140228s1840 it u000 u ita u 013 $a206449 040 $aSeMil$bita 245 10$aTomo 3. 300 $a152 p., [1] c. di tav. :$bill. 500 $aFondo Bidoglio. 773 0 $aRiccardi, Antonio <1788-1844>$tStoria dei Santuari più celebri di Maria Santissima sparsi nel mondo cristiano.$dMilano : Giacomo Agnelli, 1840-1844.$g3$w()4631 850 $aSeMil 852 $aSeMil$W1$xVenegono$y1$m3P II 36 FA$j177893$B177893$CSeMilBibl$Z2$F188768 $8I 941 1 $a2 961 $aLascito: Bidoglio don Maurizio 996 $6245$aTomo 3$9(OLS)http://semarc/title/53129 LEADER 00964nam a2200217 i 4500 001 000000195418 003 CaOOAMICUS 005 20161114000000.0 008 161114s1978 it u000 u ita u 013 $a174091 040 $aSeMil$bita 100 1 $aManzi, Giuliano.$0(OLS)http://semarc/name/70931 245 10$a57 Solfeggi cantati di media difficoltà, manoscritti e senza accompagnamento :$b2. fascicolo /$cGiuliano Manzi. 260 $aBergamo :$bEd. Carrara,$ccopyr. 1978. 300 $a63 p. :$bnotazione musicale ;$c17x24 cm. 650 4$aSolfeggio.$0(OLS)http://semarc/subject/5346 850 $aSeMil 852 $aSeMil$W1$xVenegono$y1$m5D X 13/27$j145987$B145987$CSeMilBibl$Z2$F214114 $81 961 $aOmaggio: Colombo don Alberto 996 $6245$a57 Solfeggi cantati di media difficoltà, manoscritti e senza accompagnamento :$b2. fascicolo$9(OLS)http://semarc/title/281945 996 $6260$aBergamo :$bEd. Carrara$9(OLS)http://semarc/publisher/30551